Statystyki dla Państwa na literę C

Kliknij tutaj aby rozwiązać quiz!

Ogólne statystyki

  • Ten quiz został rozwiązany 25 razy
  • Średni wynik to 6 z 7

Statystyki odpowiedzi

Odpowiedź% Poprawnych
Cypr
100%
Czechy
100%
Chile
95%
Chiny
95%
Chorwacja
90%
Czarnogóra
90%
Czad
67%

Rozkład punktacji

Percentyl według liczby udzielonych odpowiedzi

Procent ludzi z każdym wynikiem

Twoja historia wyników

Nie rozwiązałeś tego quizu